| 000 | 00988cam a22001935a 4500 | ||
|---|---|---|---|
| 001 | L150101 | ||
| 008 | 100602s2010 xxk 000 0 eng d | ||
| 035 | _a(Sirsi) u150101 | ||
| 041 | 0 | _aeng | |
| 100 | 1 | _aFrench, Nick | |
| 245 | 0 | 0 | _aOne market or two? |
| 260 | _c2010 | ||
| 490 | 0 |
_aJournal of Property Investment and Finance _v28(1), 2010 , (2) |
|
| 520 | _aComments on the role of valuation in a likely post-recession recovery period. It has never been more important to take into account property fundamentals when valuing. Valuers have the difficult tasks of differentiating between the best and worst property. It is not necessarily true that a premium is being paid for good property but it is true that a substantial discount is being experienced for lesser properties. Valuation will continue to be made on sentiment in probable two-tier markets. | ||
| 590 | _aKA | ||
| 651 | 4 | _aUnited Kingdom | |
| 690 | _aPROPERTY-PROPERTY VALUATION AND APPRAISAL | ||
| 942 |
_n0 _2ddc |
||
| 999 |
_c82396 _d82396 |
||